Operations management in business

Αποθηκεύτηκε σε:
Λεπτομέρειες βιβλιογραφικής εγγραφής
Κύριος συγγραφέας: Greasley, Andrew
Μορφή: Βιβλίο
Γλώσσα:English
Δημοσίευση: Cheltenham, UK : Stanley Thornes, 1999
Θέματα:
Ετικέτες: Προσθήκη ετικέτας
Δεν υπάρχουν, Καταχωρήστε ετικέτα πρώτοι!

MARC

LEADER 00000nam a2200000 i 4500
001 1/100686
008 000202s1999 eng d
020 |a 0-7487-2084-7 
035 |l 10057375 
040 |a GR-MY-UA  |b    |e aacr 
041 0 |a eng 
082 0 |a 658.4034 
100 1 |a Greasley, Andrew. 
245 1 0 |a Operations management in business /  |c Andrew Greasley 
260 |a Cheltenham, UK :   |b Stanley Thornes,   |c 1999 
300 |a vii, 334 σ. 
504 |a Περιλαμβάνει ευρετήριο 
650 0 0 |a Production management. 
852 |a INST  |b CHIOS  |e 20000202  |h 658.4034 GRE  |p 005200019053  |q 005200019053  |t BK  |y 0 
901 |a BIBL2-2000-1 
909 |a Χ  |b 073018 
922 |a 2ΕΛΗ  |b 200001  |c ΤΔΕ  |d ΠΑΠΑΣΩΤΗΡΙΟΥ 
950 |a 112-1998-01-19 
970 |a ΣΠΕΝΤΖΑ  |b ΕΛΕΝΗ  |z 2000/02/04